00181nam a2200073Ia 4500008004100000100002100041245003000062999001500092170524s9999 xx 000 0 und d aLIND- DOUGLAS- A 0aSTATISTICS FOR MANAGEMENT c9762d9762